A stochastic model for immunological feedback in carcinogemesis: analysis and approximations
Saved in:
| Hovedforfatter: | |
|---|---|
| Format: | Bog |
| Sprog: | engelsk |
| Udgivet: |
Berlín
Springer-Verlag
1976
|
| Serier: | Lecture Notes in Biomathematics, 9
|
| Fag: | |
| Tags: |
Tilføj Tag
Ingen Tags, Vær først til at tagge denne postø!
|
MARC
| LEADER | 00000nam a2200000 a 4500 | ||
|---|---|---|---|
| 001 | UCS0896 | ||
| 003 | CL-VaPUC | ||
| 008 | 970428e19760000GW |||||||||||||||||eng|d | ||
| 082 | 0 | 4 | |a 570.15195 |b DUB |2 21 |
| 100 | 0 | |a Dubin, Neil |e author |9 384798 | |
| 245 | 1 | 2 | |a A stochastic model for immunological feedback in carcinogemesis: analysis and approximations |
| 300 | |a 163 p | ||
| 942 | |c BK | ||
| 945 | |d 19970428 00:00:00 |a rleighto | ||
| 260 | |a Berlín |b Springer-Verlag |c 1976 | ||
| 650 | 7 | |a BIOMATEMATICAS |2 CL-VaPUC |9 260148 | |
| 650 | 7 | |a CARCINOGENOS |2 CL-VaPUC |9 384799 | |
| 650 | 0 | |a Inmunología |9 329894 | |
| 650 | 0 | |a Modelos matemáticos |9 259437 | |
| 650 | 0 | |a Procesos estocásticos |9 260364 | |
| 583 | |a last modification |c 19970428 00:00:00 |k Rodrigo Vera | ||
| 490 | 0 | |a Lecture Notes in Biomathematics, 9 | |
| 999 | |c 259034 |d 259032 | ||